Особенности английских междометий (Запись № 11555765)

Подробности
000 -МАРКЕР
контрольное поле 02052nam0a2200349 4500
001 - ИДЕНТИФИКАТОР ЗАПИСИ
контрольное поле RU\NLR\BIBL_A\011410603
005 - ИДЕНТИФИКАТОР ВЕРСИИ
контрольное поле 20241101015519.0
010 ## - МЕЖДУНАРОДНЫЙ СТАНДАРТНЫЙ НОМЕР КНИГИ (ISBN)
Номер (ISBN) 9785990977228
021 ## - НОМЕР ГОСУДАРСТВЕННОЙ РЕГИСТРАЦИИ
Код страны Российская Федерация
Номер 2017-39270
Номер Листа государственной регистраци 2863
035 ## - ДРУГИЕ СИСТЕМНЫЕ НОМЕРА
Идентификатор записи (RuMoRGB)008897611
035 ## - ДРУГИЕ СИСТЕМНЫЕ НОМЕРА
Идентификатор записи (NLR Aleph) 011410603
100 ## - ДАННЫЕ ОБЩЕЙ ОБРАБОТКИ
Данные общей обработки 20170620d2017 u y0rusy50 ca
101 0# - ЯЗЫК РЕСУРСА
Язык текста, звукозаписи и т.д. русский
-- английский
102 ## - СТРАНА ПУБЛИКАЦИИ ИЛИ ПРОИЗВОДСТВА
Страна публикации Российская Федерация
105 ## - ПОЛЕ КОДИРОВАННЫХ ДАННЫХ: ТЕКСТОВЫЕ МАТЕРИАЛЫ, МОНОГРАФИЧЕСКИЕ
Кодированные данные о монографическом текстовом документе y|||jzzz000zy
200 1# - ЗАГЛАВИЕ И СВЕДЕНИЯ ОБ ОТВЕТСТВЕННОСТИ
Основное заглавие Особенности английских междометий
Сведения, относящиеся к заглавию на материале романа Бетти Грин "Summer of my german soldier"
-- учебное пособие для студентов всех форм обучения направления подготовки "45.03.02 - Лингвистика" и специальности "45.05.01 - Перевод и переводоведение"
Первые сведения об ответственности Картер Е. В., Хасаншина Г. В.
Последующие сведения об ответственности Министерство образования и науки Российской Федерации, Частное образовательное учреждение высшего образования "Институт международных связей"
210 ## - ПУБЛИКАЦИЯ, РАСПРОСТРАНЕНИЕ И ДР.
Место издания, распространения и т.д. Екатеринбург
Имя издателя, распространителя и т. д. Альфа-Принт
Дата издания, распространения и т.д. 2017
215 ## - ФИЗИЧЕСКАЯ ХАРАКТЕРИСТИКА
Специфическое обозначение материала и объем 58 с.
Размеры 20
320 ## - ПРИМЕЧАНИЯ О НАЛИЧИИ В ДОКУМЕНТЕ БИБЛИОГРАФИИ / УКАЗАТЕЛЯ
Текст примечания Библиогр.: с. 58 (3 назв.)
500 10 - УНИФИЦИРОВАННОЕ ЗАГЛАВИЕ
Графика поля Латинская
Унифицированное заглавие Summer of my German soldier
Системный номер авторитетной/нормативной записи 2636888
Идентификатор авторитетной / нормативной записи RU\NLR\AUTH\5505915
606 1# - НАИМЕНОВАНИЕ ТЕМЫ КАК ПРЕДМЕТ
Наименование темы Английский язык
Формальный подзаголовок Учебные издания для высших учебных заведений
Тематический подзаголовок Междометие
Системный номер авторитетной/нормативной записи 969560
Идентификатор авторитетной/нормативной записи RU\NLR\AUTH\6644575
686 ## - ИНДЕКСЫ ДРУГИХ КЛАССИФИКАЦИЙ
Индекс Ш143.21-932.210.31
Код системы
686 ## - ИНДЕКСЫ ДРУГИХ КЛАССИФИКАЦИЙ
Индекс Ш143.21-937.703.1
Код системы
686 1# - ИНДЕКСЫ ДРУГИХ КЛАССИФИКАЦИЙ
Индекс Ш143.21-93рус3-212.97
700 #1 - ИМЯ ЛИЦА - ПЕРВИЧНАЯ ОТВЕТСТВЕННОСТЬ
Начальный элемент ввода Картер
Часть имени, кроме начального элемента ввода Е. В.
Расширение инициалов личного имени Елена Валериевна
702 #1 - ИМЯ ЛИЦА - ВТОРИЧНАЯ ОТВЕТСТВЕННОСТЬ
Графика поля Латинская
Материалы, к которым относится поле eng
Начальный элемент ввода Greene
Часть имени, кроме начального элемента ввода B.
Даты 1934-
Расширение инициалов личного имени Bette
Системный номер авторитетной/нормативной записи 175492
Идентификатор авторитетной/нормативной записи RU\NLR\AUTH\770175543
702 #1 - ИМЯ ЛИЦА - ВТОРИЧНАЯ ОТВЕТСТВЕННОСТЬ
Код отношения Прочие
Графика поля Кириллица
Материалы, к которым относится поле rus
Начальный элемент ввода Грин
Часть имени, кроме начального элемента ввода Б.
Даты 1934-
Расширение инициалов личного имени Бетти
Системный номер авторитетной/нормативной записи 175490
Идентификатор авторитетной/нормативной записи RU\NLR\AUTH\770175541
942 ## - ДОПОЛНИТЕЛЬНЫЕ ЭЛЕМЕНТЫ ЗАПИСИ (АБИС)
Тип экземпляра АБИС Книга
980 ## - КОЛЛЕКЦИЯ
Название коллекции НБР

Нет доступных экземпляров.